000 00320nam a2200133Ia 4500
005 20260328101449.0
008 260328s9999||||xx |||||||||||||| ||und||
100 _aRicard, Joan
245 0 _aGrandes Maestros de la Pintura :
_b Goya /
_cJoan Ricard
260 _bSol 90
300 _a96 p.
650 _aARTE
942 _cBK
999 _c8573
_d8573